Normal view
MARC view
- MUHAMMAD HAMZA AMJAD MUHAMMAD BILAL AMJAD SYED HASAN RAZA
Entry Personal Name
001 - CONTROL NUMBER
- control field: 72027
003 - CONTROL NUMBER IDENTIFIER
- control field: NUST
005 - DATE AND TIME OF LATEST TRANSACTION
- control field: 20210628204730.0
008 - FIXED-LENGTH DATA ELEMENTS
- fixed length control field: 210628|| aca||aabn | a|a d
040 ## - CATALOGING SOURCE
- Original cataloging agency: NUST
- Transcribing agency: NUST
100 ## - HEADING--PERSONAL NAME
- Personal name: MUHAMMAD HAMZA AMJAD MUHAMMAD BILAL AMJAD SYED HASAN RAZA
670 ## - SOURCE DATA FOUND
- Source citation: Work cat.: (NUST): MUHAMMAD HAMZA AMJAD MUHAMMAD BILAL AMJAD SYED HASAN RAZA, PR-SOF-1697-CONTINUOUSLY VARIABLE TRANSMISSION FOR SMALL ENGINES, 2018
